| 000 | 00657naa a2200157 i 4500 | ||
|---|---|---|---|
| 001 | 9917 | ||
| 003 | KOSZ 005 | ||
| 005 | 20180412102840.0 | ||
| 008 | 180411s1981 pl f f |000 0 pol | ||
| 040 |
_cKOSZ 005/HR _aKOSZ 005/HR |
||
| 100 |
_aMAJKA, Krzysztof. _d1978 - 1982. _bWyższa Szkoła Inżynierska - Instytut Budowy Maszyn |
||
| 245 | 1 | 0 |
_aPomiary ciśnień / _cKrzysztof Majka. |
| 650 | 0 | _aTermodynamika techniczna. | |
| 773 | 0 |
_iW : _tMateriały pomocnicze do ćwiczeń laboratoryjnych z podstaw techniki cieplnej / pod red. Mariana Czapp. - _dKoszalin : Wydaw. Uczelniane Wyższej Szkoły Inżynierskiej, 1981. - _gs. 48-80 |
|
| 942 |
_cROZ _2UKD |
||
| 999 |
_c9917 _d9917 |
||